Premeny postsocialistického mesta na príklade dunajského nábrežia v Bratislave

Bibliographic Details
Main Author: Machala, Branislav (Author)
Format: Article
Language:Slovak
Subjects:

MARC

LEADER 00000nab a2200000Ia 4500
001 vtls010796783
003 SK-MaSNL
005 20260304043334.0
008 230218|2009 xo |||||||||||||||||slo|
035 |a (urnnbn)urn:nbn:sk:snk:ar-a02eav 
035 |a (uuid)4392df34-7668-4dfe-a4b2-72ef0113af60 
035 |a urn:nbn:sk:snk-ab4koz 
040 |a SNKBUCL  |b slo  |c SNKBUCL  |e AACR2 
041 0 |a slo 
044 |a xo  |c SK 
080 |a 321.74  |2 2001 
080 |a (282.243.7) (fyzickogeografická charakteristika)  |2 2011 
080 |a (437.611)  |2 2008 
080 |a (437.6)  |2 2011 
100 1 |a Machala, Branislav  |4 aut  |9 1326466 
245 1 0 |a Premeny postsocialistického mesta na príklade dunajského nábrežia v Bratislave  |c Branislav Machala 
504 |a Bibliografické odkazy 
650 0 7 |a transformácia  |2 SNKPH  |9 17892 
650 0 7 |a socializmus  |2 SNKPH  |9 2151 
651 7 |a Bratislava (Slovensko)  |2 SNKPH 
651 7 |a Slovensko  |2 SNKPH 
651 7 |a Dunaj (rieka)  |2 SNKPH 
773 0 |t Geografia : časopis pre základné, stredné a vysoké školy  |g Roč. 17, č. 2 (2009), s. 48-55 
954 |a odborná, vedecká literatúra pôvodná (slovenská)  |2 lita 
958 |a NB 
958 |a OND 
958 |a EUIPO 
958 |a article3 
999 |c 2679708  |d 2681638